Famous Amputees - Statistics

General Stats
  • This quiz has been taken 11 times
  • The average score is 7 of 12
Answer Stats
Hint Answer % Correct
Rick Allen, a drummer who used his right arm after losing the left in a car crash, belonged to this band Def Leppard
91%
The U.S. state where Bethany Hamilton was surfing when a shark bit her left arm off Hawaii
91%
Legendary jazz singer Ella Fitzgerald lost both her legs as a result of this medical condition Diabetes
82%
The crime that "Blade Runner" Oscar Pistorius was convicted of Murder
82%
The famous former husband of model Heather Mills, who uses a prosthetic left leg Paul McCartney
73%
The Grateful Dead's guitarist Jerry Garcia lost some of this body part in an axe accident aged four Right middle finger
73%
British Admiral who lost his right arm in the Battle of Santa Cruz de Tenerife Horatio Nelson
64%
Athlete, actor and model Aimee Mullins competed at the 1996 Paralympic Games in this city Atlanta
45%
Actor Ruth Codd, a double leg amputee, is from this country Ireland
45%
Terry Fox's 1980 cross-Canada run (using a prosthetic right leg) which raised money for cancer research Marathon of {Hope}
45%
The 2010 movie about Aron Ralston, who amputated his own right hand after it became stuck behind a boulder {127} Hours
27%
Harold Russell lost both hands during World War II. In 1946, he won this award, the first non-professional to do so Academy Award for Best Supporting Actor
27%
No matching quizzes found
Score Distribution
Percent of People with Each Score
Percentile by Number Answered
Your Score History
You have not taken this quiz